Parikh's Textbook of Medical Jurisprudence, Forensic Medicine and Toxicology for classrooms and courtrooms (Record no. 540952)

000 -LEADER
fixed length control field 00411nam a22001217a 4500
082 ## - DEWEY DECIMAL CLASSIFICATION NUMBER
Classification number 340.6 SUB
100 ## - MAIN ENTRY--PERSONAL NAME
Personal name Subrahmanyam B V
245 ## - TITLE STATEMENT
Title Parikh's Textbook of Medical Jurisprudence, Forensic Medicine and Toxicology for classrooms and courtrooms
Statement of responsibility, etc. B V Subrahmanyam
260 ## - PUBLICATION, DISTRIBUTION, ETC.
Place of publication, distribution, etc. New Delhi
Name of publisher, distributor, etc. CBS Publishers
Date of publication, distribution, etc. 2016
300 ## - PHYSICAL DESCRIPTION
Extent 722p
942 ## - ADDED ENTRY ELEMENTS (KOHA)
Source of classification or shelving scheme
Koha item type Book
Holdings
Withdrawn status Lost status Source of classification or shelving scheme Damaged status Not for loan Permanent Location Current Location Date acquired Full call number Barcode Date last seen Price effective from Koha item type Total Checkouts
          NUST Law School (NLS) NUST Law School (NLS) 11/13/2020 340.6 SUB CL-436 11/13/2020 11/13/2020 Book  
          NUST Law School (NLS) NUST Law School (NLS) 03/02/2025 340.6 SUB NLS-258 03/02/2025 03/02/2025 Book  
          NUST Law School (NLS) NUST Law School (NLS) 03/02/2025 340.6 SUB NLS-259 03/02/2025 03/02/2025 Book  
          NUST Law School (NLS) NUST Law School (NLS) 03/02/2025 340.6 SUB NLS-260 03/02/2025 03/02/2025 Book  
          NUST Law School (NLS) NUST Law School (NLS) 06/28/2025 340.6 SUB NLS-2431 06/28/2025 06/28/2025 Book  
          NUST Law School (NLS) NUST Law School (NLS) 06/28/2025 340.6 SUB NLS-2432 06/28/2025 06/28/2025 Book  
          NUST Law School (NLS) NUST Law School (NLS) 06/28/2025 340.6 SUB NLS-2430 06/28/2025 06/28/2025 Book  
© 2023 Central Library, National University of Sciences and Technology. All Rights Reserved.